Cobra Kai Characters Sudden Death - Statistics

General Stats
  • This quiz has been taken 1,439 times
  • The average score is 11 of 15
Answers on the Grid
Answers color-coded by a green-red scale on the quiz's grid according to % correct below.
Xaiver
Molly
Evan
Johnny
Jackson
Kreese
Daniel
Ayden
Aiden
Kenny
Demetri
Eli
Sam
Tory
Axel
Zara
Robin
Will
Robby
Steve
Anthony
Martin
Chozen
Tengin
James
Miles
Robert
Aisha
Frank
Oliver
 
Answer Stats
Answer % Correct
Kreese
84%
Johnny
79%
Sam
78%
Daniel
77%
Demetri
77%
Kenny
77%
Tory
77%
Eli
75%
Robby
73%
Chozen
72%
Aisha
68%
Anthony
65%
Axel
63%
Zara
63%
Xaiver
36%
No matching quizzes found
Score Distribution
Percent of People with Each Score
Percentile by Number Answered
Your Score History
You have not taken this quiz